| 000 | 01108cam a22002175a 4500 | ||
|---|---|---|---|
| 001 | L149855 | ||
| 008 | 100505e2010 xxk 000 0 eng d | ||
| 035 | _a(Sirsi) u149855 | ||
| 041 | 0 | _aeng | |
| 100 | 1 | _aShah, Aditi | |
| 245 | 0 | 0 |
_aMarkets _bCheshire and north Wales |
| 260 | _c2010 | ||
| 490 | 0 |
_aProperty Week _v76(16) 23 April 2010, 55-58(4) |
|
| 520 | _aCouncil-commissioned study seeks to address Chester's severe shortage of office space. Scarborough Development Group hopes to gain planning consent for a £25m retail-led scheme in Congleton. The Northgate development, probably Chester's single greatest redevelopment opportunity, has been a poisoned chalice so far. Planning consents will become more difficult if Chester is granted World Heritage status. Conygar Development Company expects to receive planning consent in early May for a 130 000 sq ft industrial development on the outskirts of Holyhead. | ||
| 590 | _aKA | ||
| 651 | 4 | _aCheshire | |
| 651 | 4 |
_aWales _y2007- |
|
| 690 | _aPROPERTY-COMMERCIAL PROPERTY-COMMERCIAL PROPERTY MARKET | ||
| 700 | 1 | _aKenney, Tim | |
| 942 | _n0 | ||
| 999 |
_c82303 _d82303 |
||